MARC

LEADER 00000nam0a2200000 4500
001 333298
005 20231102004536.0
035 |a (RuTPU)RU\TPU\book\359293 
035 |a RU\TPU\book\359289 
090 |a 333298 
100 |a 20170608d1978 k y0rusy50 ca 
101 0 |a rus 
102 |a RU 
105 |a a z 001zy 
200 1 |a Технология крепления скважин  |e [сборник трудов]  |f Всесоюзный научно-исследовательский институт по креплению скважин и буровым растворам (ВНИИКРнефть) ; под ред. А. И. Булатова 
210 |a Краснодар  |c Изд-во ВНИИКРнефть  |d 1978 
215 |a 168 с.  |c ил. 
225 1 |a Труды Всесоюзного научно-исследовательского института по креплению скважин и буровым растворам (ВНИИКРнефть)  |v Вып. 15 
320 |a Библиография в конце глав. 
606 1 |a Рудничное крепление  |x Надежность  |2 stltpush  |3 (RuTPU)RU\TPU\subj\25545  |9 49674 
606 1 |a Цементирование скважин  |2 stltpush  |3 (RuTPU)RU\TPU\subj\18097  |9 43619 
610 1 |a тампонажные растворы 
610 1 |a минералы 
610 1 |a полимеры 
610 1 |a технологическая оснастка 
610 1 |a обсадные колонны 
610 1 |a поглощения 
610 1 |a буферные жидкости 
610 1 |a цементирование 
610 1 |a ремонтно-изоляционные работы 
610 1 |a разработки 
610 1 |a скважины 
610 1 |a статьи 
675 |a 622.281  |v 3 
675 |a 622.245.42  |v 3 
702 1 |a Булатов  |b А. И.  |g Анатолий Иванович  |4 340 
712 0 2 |a Всесоюзный научно-исследовательский институт по креплению скважин и буровым растворам (ВНИИКРнефть)  |c (Краснодар)  |2 stltpush  |3 (RuTPU)RU\TPU\col\11458 
801 1 |a RU  |b 63413507  |c 20121215 
801 2 |a RU  |b 63413507  |c 20190620  |g RCR 
942 |c BK